00387nam a2200133Ia 4500020001800000082002100018100003000039245005800069260003700127300001500164650002500179650001900204650003000223 a9788131604441 a338.060954 RAS-I aRastogi, Gursharan Bhalla 0aIndustrial growth and employment: a regional analysis aJaipurbRawat Publicationsc2011 axxiii, 206 aMANUFACTURES - INDIA aINFRASTRUCTURE aINDUSTRIALIZATION - INDIA